Les 10 noms de rue les plus donnés - Statistiques

Statistiques générales
  • Ce quiz a été pris 134 fois
  • Le résultat moyen est 4 sur 10
Statistiques - réponses
Classement Réponse % Correct
1. (3903) Charles de Gaulle
93%
3. (2555) Victor Hugo
68%
4. (2370) Jean Jaurès
39%
5. (2215) Jean Moulin
36%
7. (1472) Général Leclerc
32%
2. (3354) Louis Pasteur
30%
9. (1255) Maréchal Foch
29%
10. (1234) Georges Clémenceau
28%
6. (1501) Léon Gambetta
27%
8. (1318) Jules Ferry
20%
Aucun quiz correspondant
Distribution des résultats
% des personnes avec chaque résultat
Percentile par nombre de réponses
Votre historique - résultats
Vous n’avez pas pris ce quiz